[Event "AUTO-OPEN-291"]
[Site "http://www.queenalice.com/game.php?id=75696"]
[Date "2006.6.11"]
[Round "1"]
[White "Miguelname"]
[Black "vinicius777"]
[Result "1-0"]
[WhiteElo "1941"]
[BlackElo "1367"]

1. e4 e5 2. Nf3 Nc6 3. Bb5 d6 4. d4 a6 5. Bxc6+ bxc6 6. dxe5 Bg4 7. O-O Bxf3 8.
Qxf3 dxe5 9. Qg3 Qe7 10. Nc3 g6 11. Bg5 Nf6 12. Rad1 Bg7 13. f4 exf4 14. Qxf4
O-O 15. Bxf6 Bxf6 16. Qxf6 Qxf6 17. Rxf6 Kg7 18. Rxc6 Ra7 19. Rd7 Rc8 20. Nd5 a5
21. Rcxc7 Rcxc7 22. Rxc7 Rxc7 23. Nxc7 h5 24. Kf2 1-0

[Event "AUTO-OPEN-291"]
[Site "http://www.queenalice.com/game.php?id=75697"]
[Date "2006.6.11"]
[Round "1"]
[White "vinicius777"]
[Black "Miguelname"]
[Result "0-1"]
[WhiteElo "1524"]
[BlackElo "2124"]

1. d4 d5 2. c4 c6 3. Nc3 Nf6 4. e3 e6 5. Nf3 Bd6 6. Be2 b6 7. O-O O-O 8. Nd2 Ba6
9. b3 Qc7 10. g3 Nbd7 11. Re1 c5 12. dxc5 bxc5 13. Nb5 Bxb5 14. cxb5 Be5 15. Rb1
Qa5 16. Qc2 Qb6 17. Nf3 Bd6 18. Ba3 Ne8 19. Rbc1 Nc7 20. Ng5 f5 21. g4 h6 22.
Nh3 Nxb5 23. Bb2 f4 24. exf4 Nd4 25. Bxd4 cxd4 26. g5 Bxf4 27. Nxf4 Rxf4 28. Qd3
hxg5 29. h3 Ne5 30. Qg3 d3 31. Kh1 d2 32. Qxg5 dxe1=Q+ 33. Rxe1 Qd4 34. Rg1 Nf3
35. Bxf3 Rxf3 36. Qg2 Raf8 37. Rf1 Rxf2 0-1

[Event "AUTO-OPEN-291"]
[Site "http://www.queenalice.com/game.php?id=75723"]
[Date "2006.6.11"]
[Round "1"]
[White "vinicius777"]
[Black "Number9"]
[Result "1-0"]
[WhiteElo "1593"]
[BlackElo "1803"]

1. e4 e5 2. Nf3 Nc6 3. Nc3 Nf6 4. Bb5 Bb4 5. d3 d6 6. O-O O-O 7. Bg5 Bxc3 8.
bxc3 Ne7 9. Bxf6 gxf6 10. Qd2 f5 11. Qh6 f6 12. Bc4+ Kh8 13. Nh4 fxe4 14. dxe4
Qe8 15. Bd5 c6 16. Bc4 d5 17. exd5 cxd5 18. Bd3 Rf7 19. Ng6+ Nxg6 20. Bxg6 Qf8
21. Qxf8+ Rxf8 22. Bd3 Rg8 23. g3 Be6 24. Rab1 b6 25. Ba6 Bc8 26. Bxc8 Raxc8 27.
Rb3 Rc5 28. Rd1 Rgc8 29. Rd3 Kg7 30. Kg2 Kg6 31. f4 Kf5 32. fxe5 fxe5 33. Rf3+
Ke6 34. g4 e4 35. Re3 Ke5 36. h4 d4 37. cxd4+ Kxd4 38. Kg3 Rxc2 39. Kf4 Rf8+ 40.
Kg5 Rxa2 41. Kh6 Rf7 42. Ra3 Rxa3 43. Rxa3 1-0

[Event "AUTO-OPEN-291"]
[Site "http://www.queenalice.com/game.php?id=75738"]
[Date "2006.6.11"]
[Round "1"]
[White "tewald"]
[Black "vinicius777"]
[Result "0-1"]
[WhiteElo "1827"]
[BlackElo "1367"]

1. e4 e5 2. Nf3 Nc6 3. d3 Nf6 4. g3 d5 5. Nbd2 Bb4 6. c3 Bc5 7. Bg2 O-O 8. O-O
dxe4 9. dxe4 Ng4 10. b4 Nxf2 11. Rxf2 Bxf2+ 12. Kxf2 Bg4 13. Bb2 Qd7 14. Qb3
Bxf3 15. Nxf3 b6 16. Rd1 Qe7 17. Rd2 Rad8 18. Rxd8 Qxd8 19. c4 Nd4 20. Nxd4 exd4
21. Qd3 c5 22. bxc5 bxc5 23. Ba3 Qc7 24. Ke2 Rc8 25. Qf3 Qa5 26. e5 Re8 27. Kf1
g6 28. Kg1 Rxe5 29. h4 Re3 30. Qa8+ Kg7 31. Bxc5 Qe1+ 32. Kh2 Qxg3+ 0-1

[Event "AUTO-OPEN-291"]
[Site "http://www.queenalice.com/game.php?id=75739"]
[Date "2006.6.11"]
[Round "1"]
[White "vinicius777"]
[Black "tewald"]
[Result "1-0"]
[WhiteElo "1367"]
[BlackElo "1758"]

1. e4 e5 2. Nf3 Nc6 3. Bb5 Nf6 4. O-O Nxe4 5. Re1 Nd6 6. Bxc6 bxc6 7. Nxe5 Be7
8. Nc3 O-O 9. d3 Nb5 10. Bd2 Bb4 11. Nf3 Nxc3 12. Bxc3 Bd6 13. h3 Bb7 14. Nh2 c5
15. d4 cxd4 16. Bxd4 Qg5 17. Qg4 Bxh2+ 18. Kxh2 Qxg4 19. hxg4 a5 20. Re7 Bc6 21.
Rae1 h6 22. Kg1 g6 23. c4 a4 24. a3 Rab8 25. f4 Rb7 26. f5 gxf5 27. gxf5 Rb3 28.
Kh2 h5 29. g3 Rd3 30. Bc3 Rf3 31. f6 Rf2+ 32. Kh3 Bf3 33. Re8 Bg4+ 34. Kh4 Rxe8
35. Rxe8+ Kh7 36. Be5 Kg6 37. Rg8+ Kh6 38. Bf4+ Kh7 39. Rg7+ Kh8 40. Rxf7 Be6
41. Rg7 Rxb2 42. Bxc7 Rf2 43. Be5 Rf5 44. f7 1-0

[Event "Challenge"]
[Site "http://www.queenalice.com/game.php?id=90314"]
[Date "2006.7.28"]
[Round "-"]
[White "vinicius777"]
[Black "bish"]
[Result "0-1"]
[WhiteElo "1491"]
[BlackElo "1662"]

1. e4 e5 2. Nf3 d6 3. Bc4 Be6 4. Bxe6 fxe6 5. d3 h6 6. O-O Nc6 7. Bd2 Qe7 8. Na3
O-O-O 9. Bc3 d5 10. exd5 Rxd5 11. Nd2 Qd7 12. Re1 Nf6 13. Ne4 Nxe4 14. Rxe4 Bc5
15. Nc4 Qf7 16. Qe2 Nd4 17. Bxd4 Bxd4 18. Nxe5 Qxf2+ 19. Qxf2 Bxf2+ 20. Kxf2
Rf8+ 21. Kg3 Rf5 22. d4 c5 23. Rd1 Rxd4 24. Rdxd4 cxd4 0-1

[Event "Challenge"]
[Site "http://www.queenalice.com/game.php?id=91822"]
[Date "2006.8.2"]
[Round "-"]
[White "Sandrio2006"]
[Black "vinicius777"]
[Result "1/2-1/2"]
[WhiteElo "1498"]
[BlackElo "1491"]

1. e3 e5 2. a3 Nc6 3. b4 a6 4. h4 Nf6 5. c3 d5 6. g3 Bg4 7. Ne2 e4 8. Qc2 Bd6 9.
Bg2 Bxe2 10. Kxe2 O-O 11. Bh3 Ne5 12. f4 Neg4 13. Ke1 c5 14. Bf1 a5 15. b5 c4
16. a4 Bc5 17. h5 h6 18. d4 Bb6 19. Bh3 Rb8 20. Qe2 Qd7 21. Nd2 Rbc8 22. Ba3
Rfe8 23. Rf1 Bc7 24. Rb1 Bd6 25. Bc1 b6 26. Qg2 Nxh5 27. Ra1 Ra8 28. f5 Qc7 29.
Bxg4 Bxg3+ 30. Kd1 Nf6 31. Bh3 Nh5 32. Rg1 Rac8 33. Nf1 Rcd8 1/2-1/2

[Event "Let's Play Chess!"]
[Site "http://www.queenalice.com/game.php?id=102247"]
[Date "2006.9.4"]
[Round "-"]
[White "mrshogi"]
[Black "vinicius777"]
[Result "1-0"]
[WhiteElo "2015"]
[BlackElo "1491"]

1. d4 Nf6 2. Nf3 g6 3. Bf4 Bg7 4. e3 d5 5. c4 dxc4 6. Bxc4 O-O 7. Nc3 Bg4 8. h3
Bxf3 9. Qxf3 Nc6 10. O-O Re8 11. Rfd1 Nb4 12. Qxb7 Qc8 13. Qxb4 Rb8 14. Qa3 Nd7
15. Rac1 e5 16. dxe5 Nxe5 17. Bb5 1-0

[Event "AUTO-INT-158"]
[Site "http://www.queenalice.com/game.php?id=102379"]
[Date "2006.9.4"]
[Round "1"]
[White "vinicius777"]
[Black "Lord_Tiger_Brasil"]
[Result "0-1"]
[WhiteElo "1543"]
[BlackElo "1694"]

1. d4 e6 2. Nf3 d5 3. Nc3 Bb4 4. Bd2 Bxc3 5. Bxc3 f6 6. e3 a6 7. Bd3 Nc6 8. O-O
Nge7 9. a3 Bd7 10. b4 Na7 11. Bb2 Bb5 0-1

[Event "AUTO-INT-158"]
[Site "http://www.queenalice.com/game.php?id=102380"]
[Date "2006.9.4"]
[Round "1"]
[White "Lord_Tiger_Brasil"]
[Black "vinicius777"]
[Result "1-0"]
[WhiteElo "1683"]
[BlackElo "1567"]

1. e4 c5 2. a3 Nc6 3. c3 e5 4. Nh3 Nf6 5. d3 Be7 6. Be2 O-O 7. O-O d6 8. Ng5 h6
9. Nf3 Bg4 10. Nh4 Bxe2 11. Qxe2 Nd7 12. Nf5 1-0

[Event "AUTO-INT-158"]
[Site "http://www.queenalice.com/game.php?id=102381"]
[Date "2006.9.4"]
[Round "1"]
[White "vinicius777"]
[Black "johntelker"]
[Result "0-1"]
[WhiteElo "1495"]
[BlackElo "1834"]

1. d4 Nf6 2. c4 d6 3. Nc3 g6 4. Bg5 Bg7 5. e4 Nbd7 6. Nf3 O-O 7. Be2 c5 8. d5 a6
9. O-O Nh5 10. Nh4 h6 11. Be3 Nhf6 12. a3 Re8 13. b4 b6 14. bxc5 bxc5 15. Qc1
Kh7 16. Rb1 Ne5 17. f4 Ned7 18. f5 g5 19. Nf3 Ng4 0-1

[Event "AUTO-INT-158"]
[Site "http://www.queenalice.com/game.php?id=102382"]
[Date "2006.9.4"]
[Round "1"]
[White "johntelker"]
[Black "vinicius777"]
[Result "1-0"]
[WhiteElo "1802"]
[BlackElo "1583"]

1. d4 Nf6 2. Nf3 d5 3. Bg5 Nbd7 4. Nbd2 e6 5. Bh4 Be7 6. e3 O-O 7. Bd3 Ng4 8.
Bxe7 Qxe7 9. O-O e5 10. dxe5 Ngxe5 11. Qe2 Nxf3+ 12. Nxf3 Nc5 13. h3 Nxd3 14.
cxd3 Qf6 15. d4 Qg6 16. Kh1 Bd7 17. Ne5 Qe6 18. Rfc1 c6 19. a3 1-0

[Event "AUTO-INT-158"]
[Site "http://www.queenalice.com/game.php?id=102383"]
[Date "2006.9.4"]
[Round "1"]
[White "vinicius777"]
[Black "CampbellMarcel"]
[Result "0-1"]
[WhiteElo "1670"]
[BlackElo "1632"]

1. d4 Nf6 2. c4 e6 3. Nc3 Bb4 4. Bd2 O-O 5. e3 a5 6. a3 b6 7. axb4 Nc6 8. b5 Nb4
9. Na4 Ne4 10. Bxb4 axb4 11. Bd3 f5 12. Bxe4 fxe4 13. c5 Qf6 14. Nh3 bxc5 15.
O-O d5 16. Nxc5 Rxa1 17. Qxa1 e5 18. Qa8 Bxh3 0-1

[Event "AUTO-INT-158"]
[Site "http://www.queenalice.com/game.php?id=102384"]
[Date "2006.9.4"]
[Round "1"]
[White "CampbellMarcel"]
[Black "vinicius777"]
[Result "1-0"]
[WhiteElo "1650"]
[BlackElo "1621"]

1. d4 Nf6 2. Nf3 g6 3. e3 d5 4. Ne5 Nbd7 5. Bb5 c6 6. Nxc6 bxc6 7. Bxc6 Rb8 8.
O-O Bb7 9. Bxd7+ Qxd7 10. Nc3 Bg7 11. f4 Qf5 12. b3 Ne4 13. Nxe4 O-O 14. Nc5
Rfc8 15. b4 Ba8 16. Rf3 Rxb4 17. Ba3 1-0